Mitos griegos
Guardat en:
| Autor principal: | |
|---|---|
| Format: | Llibre |
| Idioma: | espanyol |
| Publicat: |
Bogotá
Norma
1989
|
| Col·lecció: | Colección Torre de Papel. Torre Amarilla
|
| Matèries: | |
| Etiquetes: |
Afegir etiqueta
Sense etiquetes, Sigues el primer a etiquetar aquest registre!
|
MARC
| LEADER | 00000nam a2200000 a 4500 | ||
|---|---|---|---|
| 001 | UCH8139 | ||
| 003 | CL-VaPUC | ||
| 008 | 091127e19890000CK |||||||||||||||||spa|d | ||
| 020 | |a 9580428638 | ||
| 082 | 0 | 4 | |a 292.08 |b OSB |2 21 |
| 100 | |a Osborne, Mary Pope |e autora |9 544586 | ||
| 245 | 1 | 0 | |a Mitos griegos |
| 300 | |a 133 p | ||
| 942 | |c BK | ||
| 945 | |d 20091127 00:00:00 |a lazolas | ||
| 260 | |a Bogotá |b Norma |c 1989 | ||
| 500 | |a Lectura a partir de los 11 años | ||
| 650 | 0 | |a Mitología griega |9 265313 | |
| 583 | |a last modification |c 20091127 00:00:00 |k Rodrigo Vera | ||
| 490 | 0 | |a Colección Torre de Papel. Torre Amarilla | |
| 999 | |c 338381 |d 338379 | ||